01570nam a2200433 i 450000100060000000300080000600500170001400600190003100700150005000800410006502000180010602000270012403500230015103500240017403500250019803500210022304000310024405000240027508000130029908200150031210000180032724501440034526400420048930000410053133600310057233700330060333800430063650000620067950400290074158801240077065000280089465000220092265000320094465000120097665000160098865500270100470000430103185600620107483527FlNmELB20241217152024.0m o d | cr cnu||||||||150712s2006 sp ob 000 0 spa d a9788425424854 a9788425429750 (e book) a(MiAaPQ)EBC3429119 a(Au-PeEL)EBL3429119 a(CaPaEBR)ebr11059617 a(OCoLC)949136578 aFINmELBbspaerdacFINmELB 4aHQ770.4bW6687 2006 a173.5/.70 a649.642231 aWild, Rebeca.10aLibertad y límites, amor y respeto :blo que los niños necesitan de nosotros /cRebeca Wild ; traducción de Cristina Arranz García. 1aBarcelona :bHerder Editorial,c2006. a1 recurso en línea (214 páginas) atextobtxt2rdacontent/spa acomputadorabc2rdamedia/spa arecurso en líneabcr2rdacarrier/spa aTraducción de: Freiheit und Grenzen, Liebe und Respekt. aContiene bibliografía. aDescripción basada en recurso en línea; Título de la página del título en PDF (e-libro, visto July 12, 2015). 0aDiscipline of children. 0aParent and child. 0aIndividualized instruction. 4aNiño. 4aDisciplina. 4aLibros electrónicos.1 aArranz García, Cristina,etraductor.40uhttps://elibro.net/ereader/politecnicointernacional/45677